Dead or Alive 5 Last Round: Personnages - Statistiques

Statistiques générales
  • Ce quiz a été pris 26 fois
  • Le résultat moyen est 23 sur 36
Statistiques - réponses
Réponses % Correct
Tina
100%
Ayane
86%
Bass
86%
Hayate
86%
Honoka
86%
Jann Lee
86%
Kasumi
86%
Leifang
86%
Zack
86%
Christie
71%
Eliot
71%
Helena
71%
Hitomi
71%
Leon
71%
Lisa
71%
Marie Rose
71%
Pai
71%
Phase 4
71%
Rig
71%
Ryu
71%
Alpha-152
57%
Brad Wong
57%
Jacky
57%
Mai
57%
Mila
57%
Momiji
57%
Naotora
57%
Nyotengu
57%
Raidou
57%
Sarah
57%
Akira
43%
Kokoro
43%
Rachel
43%
Bayman
29%
Ein
29%
Genfu
14%
Aucun quiz correspondant
Distribution des résultats
% des personnes avec chaque résultat
Percentile par nombre de réponses
Votre historique - résultats
Vous n’avez pas pris ce quiz